[Event "Reunion op 20th"]
[Site "St Denis"]
[Date "2018.10.19"]
[Round "7"]
[White "Cavillot Delestage, Raphael"]
[Black "Hoareau Fontaine, Clement"]
[Result "1-0"]
[WhiteElo "1009"]
[BlackElo "1130"]
[PlyCount "43"]
[EventDate "2018.10.14"]
[EventType "swiss"]
[EventRounds "9"]
[EventCountry "RUF"]
[SourceTitle "CBM 187 Extra"]
[Source "ChessBase"]
[SourceDate "2018.11.04"]
[SourceVersion "1"]
[SourceVersionDate "2018.11.04"]
[SourceQuality "1"]

1. e4 c5 2. Nf3 Nc6 3. d3 g6 4. Bf4 Bg7 5. Nc3 d6 6. Be2 e6 7. 0-0 Nge7 8. Rb1 0-0 9. Re1 b6 10. Bf1 Bb7 11. e5 d5 12. b3 h6 13. h3 g5 14. Bg3 Nf5 15. Bh2 Nh4 16. Nxh4 gxh4 17. Nb5 Qb8 18. Qg4 Nb4 19. Rb2 a6 20. Nd6 Nc6 21. Bf4 Bc8 22. Bxh6 1-0